| 000 | 00000nam##2200000za#4500 |
| 001 | 9.600995 |
| 003 | CaOODSP |
| 005 | 20220901164723 |
| 007 | cr ||||||||||| |
| 008 | 150406|1997||||xxc|||||o f|0| 0 fre|d |
| 040 | |aCaOODSP|bfre |
| 043 | |an-cn--- |
| 086 | 1 |aJ3-8/1997-3F-PDF |
| 110 | 1 |aCanada.|bJustice Canada. |bCentre canadien des armes à feu. |
| 245 | 10|aLes armes à feu au Canada et dans huit autres pays occidentaux : |h[ressource électronique]|brésultats choisis du Sondage international de 1996 (auprès des victimes) de crime / |c[par] Richard Block. |
| 260 | |aOttawa - Ontario : |bJustice Canada. |cJanvier 1998. |
| 300 | |a38p.|bgraphiques, tableaux |
| 490 | 1 |aDocument de travail|vWD1997-3f |
| 504 | |aBibliographie. |
| 590 | |a11-08-Supp|b2011-06-16 |
| 720 | 1 |aBlock, Richard |
| 775 | 08|tFirearms in Canada and eight other Western countries : |w(CaOODSP)9.570249 |
| 830 | #0|aDocument de travail ;|vWD1997-3f|w(CaOODSP)9.502069 |
| 856 | 40|ahttp://publications.gc.ca|qPDF|s107 Ko|uhttps://publications.gc.ca/collections/collection_2011/jus/J3-8-1997-3-fra.pdf|yWD1997-3f |